000 01053nam a22002297a 4500
999 _c21696
_d21696
003 AR-CdUCM
008 190425b ||||| |||| 00| 0 spa d
040 _aMUNICIPALIDAD PROVINCIAL DEL CUSCO
_cBIBLIOTECA MUNICIPAL DEL CUSCO
082 _aRev.Univ/N°20/1917
_bRev.Univ/N°20/1917
110 _aUniversidad Nacional de San Antonio Abad del Cusco
_915942
245 _aRevista Universitaria :
_bÓrgano de la Universidad del Cuzco /
260 _aCusco :
_bEl Trabajo,
_cjunio 1917.
300 _a49 páginas. :
_c20 cm.
440 _aRevista Universitaria
_nAño VI, junio 1917, N°20
_945803
505 _aContenido: Discurso de apertura del año académico de 1917. Víctor G. Rivero. -- Fragmentos de las monografías de la provincia de La Convención. Enrique Rosell. -- Las Universidades menores. Cesar Antonio Ugarte.
650 _aHistoria de La Convención
_924367
650 _aUniversidades
_92151
650 _aSiglo XX
_945802
710 _aUniversidad Nacional de San Antonio Abad del Cusco
_915942
942 _2ddc
_cPP
945 _arac